000
00311nam a2200121Ia 4500
008
220120s9999||||xx |||||||||||||| ||und||
082
_a
004.67 CAU
100
_a
Causey, James, F
_9
11721
245
0
_a
Sam`s tech yourself MCSE TCP/IP
260
_a
Tech max publications
_c
1998
300
_b
0
650
_a
CIRCUIT
999
_c
136949
_d
136949